000 00239nmm a2200085Ia 4500
008 220120s9999||||xx |||||||||||||||||und||
100 _aDigit
245 0 _a3D mark, cinebench 15, PC mark, desara, gogalaxy, steam, tec
260 _aNine dot Nine
999 _c139971
_d139971